| 000 | 00338nam a22001217a 4500 | ||
|---|---|---|---|
| 999 |
_c321 _d321 |
||
| 005 | 20200812142557.0 | ||
| 008 | 200812b ||||| |||| 00| 0 eng d | ||
| 020 | _a769 | ||
| 040 | _cCML | ||
| 245 |
_aThe Legacy of Israel. _cBevan, E.R & Singer, C. |
||
| 260 |
_aOxford _bClarendon Press _c1927 |
||
| 942 |
_2ddc _cBK _h296 _mLEG |
||